[Event "BL 0405 SC Eppingen - Solinger SG"]
[Site "?"]
[Date "2004.11.13"]
[Round "1.7"]
[White "Ernst, Sipke"]
[Black "Koch, Wolfgang Max Dr"]
[Result "1-0"]
[WhiteElo "2521"]
[BlackElo "2330"]
[PlyCount "81"]
[EventDate "2004.??.??"]

1. d4 d6 2. Nf3 g6 3. c4 f5 4. g3 Nf6 5. Bg2 Bg7 6. O-O O-O 7. Nc3 Qe8 8. Re1
Qf7 9. b3 Ne4 10. Bb2 Nxc3 11. Bxc3 Nc6 12. Rc1 e5 13. d5 Nd8 14. c5 Qe7 15.
cxd6 cxd6 16. Bb4 Nf7 17. Nd2 a5 18. Bc3 b5 19. Rc2 Bd7 20. Qb1 Rfc8 21. Rec1
Qd8 22. b4 a4 23. Bb2 Qb6 24. e4 Rxc2 25. Rxc2 Bh6 26. Qd1 f4 27. Nf3 Rf8 28.
Qd3 g5 29. Qc3 Rc8 30. Qxc8+ Bxc8 31. Rxc8+ Bf8 32. Bh3 fxg3 33. hxg3 Kg7 34.
Bc1 Be7 35. Be6 h6 36. Kg2 Nd8 37. Bf5 a3 38. Be3 Qb7 39. Nd2 h5 40. Nb3 Bf6
41. Na5 1-0

[Event "BL 0405 SC Eppingen - Solinger SG"]
[Site "?"]
[Date "2004.11.13"]
[Round "1.8"]
[White "Rau, Hannes"]
[Black "Zysk, Robert"]
[Result "1/2-1/2"]
[WhiteElo "2384"]
[BlackElo "2462"]
[PlyCount "52"]
[EventDate "2004.??.??"]

1. d4 Nf6 2. c4 e6 3. Nc3 Bb4 4. Qc2 Nc6 5. Nf3 d6 6. e3 O-O 7. Bd3 e5 8. d5
Bxc3+ 9. Qxc3 Ne7 10. e4 Bg4 11. Nd2 c6 12. f3 Bd7 13. Nf1 Nh5 14. dxc6 Nxc6
15. Be3 Nf4 16. Qd2 Be6 17. Ng3 Nxd3+ 18. Qxd3 Rc8 19. O-O Qa5 20. b3 Rfd8 21.
Rfd1 b5 22. Bd2 Qb6+ 23. Be3 Qa5 24. Bd2 Qb6+ 25. Be3 Qa5 26. cxb5 Nb4 1/2-1/2

[Event "BL 0405 SC Kreuzberg - Erfurter SK"]
[Site "?"]
[Date "2004.11.13"]
[Round "1.1"]
[White "Haba, Petr"]
[Black "Nisipeanu, Liviu-Dieter"]
[Result "0-1"]
[WhiteElo "2520"]
[BlackElo "2687"]
[PlyCount "92"]
[EventDate "2004.??.??"]

1. e4 c6 2. d4 d5 3. Nd2 dxe4 4. Nxe4 Nf6 5. Nxf6+ gxf6 6. Nf3 Bg4 7. Be2 e6 8.
O-O Bd6 9. c4 Nd7 10. h3 h5 11. Re1 Qc7 12. c5 Be7 13. Qa4 b5 14. Qb3 a5 15. a4
b4 16. Nd2 Bxe2 17. Rxe2 Nf8 18. Qf3 Rd8 19. Ne4 f5 20. Qxf5 Rxd4 21. Bf4 Qd8
22. Nd6+ Rxd6 23. cxd6 exf5 24. Rxe7+ Qxe7 25. dxe7 Kxe7 26. Bc7 Ne6 27. Bxa5
Rb8 28. Rd1 c5 29. Rd5 Kf6 30. b3 Kg6 31. Kf1 c4 32. Ke1 cxb3 33. Kd1 Rc8 34.
Rd2 Ra8 35. Rd5 Rc8 36. Rd2 Nc5 37. Bxb4 Nxa4 38. Ba3 f6 39. Bb2 Nxb2+ 40. Rxb2
Rb8 41. Kd2 Kg5 42. Kc3 f4 43. Kd3 Kf5 44. Kd4 Rd8+ 45. Kc3 f3 46. gxf3 Rb8 0-1

[Event "BL 0405 SC Kreuzberg - Erfurter SK"]
[Site "?"]
[Date "2004.11.13"]
[Round "1.4"]
[White "Socko, Bartosz"]
[Black "Machelett, Heiko"]
[Result "1-0"]
[WhiteElo "2570"]
[BlackElo "2401"]
[PlyCount "119"]
[EventDate "2004.??.??"]

1. Nf3 Nf6 2. c4 d6 3. Nc3 Bg4 4. e3 e5 5. h3 Bh5 6. g4 Bg6 7. Nh4 Be7 8. Nxg6
hxg6 9. d4 c6 10. Bg2 Na6 11. a3 Nc7 12. dxe5 dxe5 13. Qxd8+ Rxd8 14. b4 O-O
15. Bb2 Nd7 16. c5 f5 17. gxf5 gxf5 18. e4 Bh4 19. O-O Ne6 20. exf5 Rxf5 21.
Rad1 Nf4 22. Ne4 Nf8 23. Rxd8 Bxd8 24. Rd1 Bc7 25. Bf1 Rh5 26. Kh2 Kf7 27. Ng3
Rh7 28. Re1 N8g6 29. Re3 Rh8 30. Ne4 Rd8 31. Bc4+ Ke7 32. Bb3 a5 33. Rg3 axb4
34. axb4 b6 35. Bc2 bxc5 36. bxc5 Kf7 37. Ra3 Ne7 38. Ra7 Nfd5 39. Ng5+ Kf6 40.
Ne4+ Ke6 41. h4 Rh8 42. Ng5+ Kf6 43. Nh7+ Ke6 44. f4 e4 45. Bxe4 Bxf4+ 46. Kh3
Nf6 47. Nxf6 gxf6 48. Bd4 Nf5 49. Bf2 Ne7 50. Ra6 Rc8 51. Bf3 Be5 52. h5 f5 53.
Kg2 Nd5 54. Kf1 Nb4 55. Rb6 Nd5 56. Ra6 Nb4 57. Rb6 Nd5 58. Rb1 Nc3 59. Re1 Ne4
60. Rxe4 1-0

[Event "BL 0405 SC Kreuzberg - Erfurter SK"]
[Site "?"]
[Date "2004.11.13"]
[Round "1.5"]
[White "Casper, Thomas"]
[Black "Maiwald, Jens-Uwe"]
[Result "1/2-1/2"]
[WhiteElo "2412"]
[BlackElo "2514"]
[PlyCount "48"]
[EventDate "2004.??.??"]

1. e4 c5 2. Nf3 e6 3. d3 Nc6 4. c3 d5 5. Be2 Bd6 6. exd5 exd5 7. d4 h6 8. O-O
c4 9. Re1 Nge7 10. b3 cxb3 11. axb3 O-O 12. Ba3 Ng6 13. g3 a6 14. Bxd6 Qxd6 15.
Na3 Bh3 16. Bd3 f5 17. Nc4 dxc4 18. Bxc4+ Kh8 19. Re6 Qd7 20. Rxg6 Bg4 21. Qd3
Bh5 22. Rxc6 Qxc6 23. Ne5 Qd6 24. Qe3 Rac8 1/2-1/2

[Event "BL 0405 SC Kreuzberg - Erfurter SK"]
[Site "?"]
[Date "2004.11.13"]
[Round "1.6"]
[White "Kalinitschew, Sergey"]
[Black "Brueggemann, Joachim"]
[Result "1-0"]
[WhiteElo "2533"]
[BlackElo "2404"]
[PlyCount "125"]
[EventDate "2004.??.??"]

1. d4 Nf6 2. c4 e6 3. Nc3 Bb4 4. Qc2 Nc6 5. Nf3 d6 6. a3 Bxc3+ 7. Qxc3 a5 8.
Bg5 h6 9. Bh4 g5 10. Bg3 Ne4 11. Qd3 Nxg3 12. hxg3 Qf6 13. e3 Bd7 14. Be2 a4
15. Nd2 e5 16. Ne4 Qg7 17. O-O-O Na5 18. Nc3 exd4 19. exd4 Nb3+ 20. Kb1 Kf8 21.
Bf3 Rb8 22. Rhe1 g4 23. Bd5 Qg5 24. f4 gxf3 25. Rf1 Re8 26. Rxf3 Re7 27. Ne4
Qg7 28. Rdf1 Qxd4 29. Rxf7+ Ke8 30. Rxe7+ Kxe7 31. Rf7+ Kd8 32. Qxd4 Nxd4 33.
Bxb7 Bf5 34. Kc1 Be6 35. Rg7 Bxc4 36. Kd2 Nb3+ 37. Kc3 Be6 38. Bc6 Bf5 39. Nf6
Nc5 40. Nd5 Bd7 41. Bxd7 Nxd7 42. Kb4 c6 43. Nf4 d5 44. Ne6+ Kc8 45. Nc5 Nf6
46. Nxa4 Rg8 47. Nb6+ Kd8 48. Rxg8+ Nxg8 49. Kc5 Ne7 50. b4 Kc7 51. a4 Nf5 52.
b5 cxb5 53. Nxd5+ Kb7 54. axb5 Nxg3 55. Kd4 h5 56. Ke5 Ne2 57. Nf4 Ng3 58. Nd5
Ne2 59. Ke4 h4 60. Ke3 Ng3 61. Kf4 Ne2+ 62. Kg4 Nd4 63. Nc3 1-0

[Event "BL 0405 SC Kreuzberg - Erfurter SK"]
[Site "?"]
[Date "2004.11.13"]
[Round "1.7"]
[White "Mueller, Matthias"]
[Black "Volke, Karsten"]
[Result "1-0"]
[WhiteElo "2362"]
[BlackElo "2483"]
[PlyCount "81"]
[EventDate "2004.??.??"]

1. e4 e5 2. Nf3 Nc6 3. d4 exd4 4. Nxd4 Nf6 5. Nxc6 bxc6 6. e5 Qe7 7. Qe2 Nd5 8.
c4 Ba6 9. b3 g5 10. g3 Bg7 11. Bb2 O-O-O 12. Nd2 Nb4 13. Nf3 c5 14. Bg2 Rhe8
15. O-O Bb7 16. Rfe1 h6 17. Qd1 Qe6 18. a3 Nc6 19. h3 Qf5 20. g4 Qg6 21. b4 d6
22. Qa4 Nxe5 23. Nxe5 dxe5 24. bxc5 Bxg2 25. Kxg2 Re6 26. Rad1 Rxd1 27. Qxd1
Rc6 28. Bxe5 Bf8 29. Bg3 Bxc5 30. Re8+ Kb7 31. Qd8 Ka6 32. Bxc7 Bb6 33. Qc8+
Ka5 34. Re5+ Ka4 35. Qa6+ Kb3 36. Qb5+ Kc2 37. Bxb6 Rxb6 38. Qa4+ Kd3 39. Rd5+
Kc3 40. c5 Qc6 41. Qd4+ 1-0

[Event "BL 0405 SC Kreuzberg - Erfurter SK"]
[Site "?"]
[Date "2004.11.13"]
[Round "1.8"]
[White "Tischbierek, Raj"]
[Black "Enders, Peter"]
[Result "1-0"]
[WhiteElo "2477"]
[BlackElo "2456"]
[PlyCount "51"]
[EventDate "2004.??.??"]

1. g3 Nf6 2. Bg2 g6 3. e4 d6 4. d4 Bg7 5. Nc3 O-O 6. Nge2 c5 7. dxc5 dxc5 8.
Qxd8 Rxd8 9. e5 Ne8 10. f4 Na6 11. Nd5 Bf8 12. Be3 Bf5 13. O-O-O Rab8 14. h3 b6
15. g4 Bd7 16. Rd2 Bb5 17. Nec3 Bc4 18. Rhd1 Rdc8 19. Bf2 Bxd5 20. Rxd5 Nb4 21.
Rd7 a5 22. Nb5 Nc6 23. Be3 e6 24. g5 c4 25. c3 Ng7 26. Bxc6 1-0

[Event "BL 0405 SFR Neukölln - SV Werder Bremen"]
[Site "?"]
[Date "2004.11.13"]
[Round "1.1"]
[White "Hracek, Zbynek"]
[Black "Nataf, Igor-Alexandre"]
[Result "0-1"]
[WhiteElo "2595"]
[BlackElo "2565"]
[PlyCount "102"]
[EventDate "2004.??.??"]

1. e4 c5 2. Nc3 Nc6 3. Bb5 Nd4 4. Bc4 e6 5. Nf3 a6 6. Nxd4 cxd4 7. Ne2 Nf6 8.
d3 Bc5 9. Bb3 d5 10. e5 Ng4 11. f4 Qh4+ 12. g3 Qh3 13. Kd2 Qh6 14. Qg1 Nxe5 15.
Kd1 Nc6 16. Bd2 Qf6 17. g4 h5 18. g5 Qd8 19. Qg3 Ne7 20. Qf3 h4 21. c3 dxc3 22.
bxc3 Bd7 23. d4 Bd6 24. Nc1 Rc8 25. Nd3 Bb5 26. Ne5 Bxe5 27. fxe5 g6 28. Bc2
Qc7 29. a4 Bc4 30. Rg1 Nf5 31. Rg4 Kd7 32. Qf4 Rh5 33. Rb1 b5 34. axb5 Bxb5 35.
Qf3 Qc6 36. Ra1 Qc4 37. Ra3 Qf1+ 38. Qxf1 Bxf1 39. Ba4+ Bb5 40. Rg1 h3 41. Bc2
Rh4 42. Ra2 Rc6 43. Ke1 Rh8 44. Kf2 Rhc8 45. Rg4 Rb8 46. Ra3 Bc4 47. Bc1 Rcb6
48. Ke1 Rb2 49. Kd2 Ne3 50. Bxb2 Nxg4 51. Ba4+ Kc7 0-1

[Event "BL 0405 SFR Neukölln - SV Werder Bremen"]
[Site "?"]
[Date "2004.11.13"]
[Round "1.2"]
[White "Miroshnichenko, Evgenij"]
[Black "Efimenko, Zahar"]
[Result "1-0"]
[WhiteElo "2617"]
[BlackElo "2594"]
[PlyCount "91"]
[EventDate "2004.??.??"]

1. Nf3 Nf6 2. c4 g6 3. Nc3 Bg7 4. e4 d6 5. d4 O-O 6. Be2 Bg4 7. O-O Nfd7 8. Be3
c5 9. d5 Na6 10. Ng5 Bxe2 11. Qxe2 h6 12. Nh3 Nc7 13. f4 f5 14. Kh1 b5 15. exf5
gxf5 16. g4 b4 17. Nd1 Qe8 18. gxf5 Rxf5 19. Rg1 e6 20. Qg2 Rf7 21. f5 exd5 22.
Bxh6 Qe4 23. Qxe4 dxe4 24. Ne3 Kf8 25. Rxg7 Rxg7 26. Rg1 Ne8 27. Nd5 Kf7 28.
Bxg7 Nxg7 29. Ng5+ Kf8 30. Ne6+ Nxe6 31. fxe6 Ne5 32. e7+ Kf7 33. Rf1+ Nf3 34.
Nc7 Rh8 35. e8=Q+ Rxe8 36. Nxe8 Kxe8 37. Kg2 Nd2 38. Rc1 b3 39. axb3 Nxb3 40.
Rc3 Nd2 41. Kf2 Ke7 42. Ke3 Nf1+ 43. Kxe4 Nxh2 44. Kf4 d5 45. cxd5 Kd6 46. Rc1
1-0

[Event "BL 0405 SFR Neukölln - SV Werder Bremen"]
[Site "?"]
[Date "2004.11.13"]
[Round "1.3"]
[White "Babula, Vlastimil"]
[Black "Polzin, Rainer"]
[Result "1-0"]
[WhiteElo "2571"]
[BlackElo "2517"]
[PlyCount "89"]
[EventDate "2004.??.??"]

1. d4 Nf6 2. c4 g6 3. Nc3 Bg7 4. e4 d6 5. Nf3 O-O 6. Be2 Na6 7. O-O e5 8. Re1
c6 9. Bf1 Bg4 10. d5 Qe7 11. Bg5 h6 12. Be3 Rfc8 13. h3 Bd7 14. Nd2 cxd5 15.
cxd5 Nc5 16. Rc1 a5 17. Nc4 Ra6 18. Na3 Raa8 19. Nc4 Ra6 20. a4 Qd8 21. Bd2 Bf8
22. Rb1 Ra7 23. b4 axb4 24. Rxb4 Be8 25. a5 Nfd7 26. Qb1 Rb8 27. Be3 Raa8 28.
Rc1 Rc8 29. Nb5 Ra6 30. Nc3 Raa8 31. g3 Ra6 32. Na4 Rb8 33. Nc3 Raa8 34. Kg2
Rc8 35. Be2 h5 36. h4 Qe7 37. Bxc5 Rxc5 38. Rxb7 Qd8 39. Na4 Rcc8 40. Qb4 Nc5
41. Nxc5 Rxc5 42. Ra1 Rc7 43. a6 Rxb7 44. Qxb7 Rb8 45. Qxb8 1-0

[Event "BL 0405 SFR Neukölln - SV Werder Bremen"]
[Site "?"]
[Date "2004.11.13"]
[Round "1.4"]
[White "Borriss, Martin Dr"]
[Black "Nyback, Tomi"]
[Result "1-0"]
[WhiteElo "2439"]
[BlackElo "2554"]
[PlyCount "71"]
[EventDate "2004.??.??"]

1. e4 d6 2. d4 Nf6 3. Nc3 g6 4. f4 Bg7 5. Nf3 O-O 6. Be3 b6 7. Bc4 Bb7 8. e5
Ng4 9. Qe2 c5 10. O-O-O Nxe3 11. Qxe3 cxd4 12. Nxd4 Qc7 13. Bd5 dxe5 14. Ndb5
Qc8 15. fxe5 Nc6 16. e6 f5 17. Nd6 exd6 18. e7+ Rf7 19. Nb5 Be5 20. Bxf7+ Kxf7
21. Rxd6 Qe8 22. Rhd1 Ba6 23. Rxc6 Qxe7 24. Rc7 Bxc7 25. Qxe7+ Kxe7 26. Nxc7
Bb7 27. Nxa8 Bxa8 28. g3 g5 29. Kd2 Be4 30. Ke3 Bxc2 31. Rc1 Ba4 32. Rc7+ Bd7
33. Rxa7 Kd6 34. Kd4 h5 35. Rb7 Kc6 36. Rb8 1-0

[Event "BL 0405 SFR Neukölln - SV Werder Bremen"]
[Site "?"]
[Date "2004.11.13"]
[Round "1.5"]
[White "Fish, Gennadij"]
[Black "Berndt, Stephan"]
[Result "1-0"]
[WhiteElo "2523"]
[BlackElo "2438"]
[PlyCount "61"]
[EventDate "2004.??.??"]

1. d4 Nf6 2. c4 e6 3. Nc3 Bb4 4. g3 O-O 5. Bg2 d5 6. Nf3 c5 7. cxd5 Nxd5 8. Bd2
cxd4 9. Nxd4 Bxc3 10. bxc3 e5 11. Nb3 Nc6 12. c4 Nde7 13. O-O Bf5 14. Rc1 Qc8
15. Bd5 Bh3 16. Re1 Qf5 17. e4 Qg6 18. Bc3 Rad8 19. Qe2 Rfe8 20. Qe3 Kh8 21.
Nc5 Bc8 22. Nd3 f5 23. Nxe5 Nxe5 24. Bxe5 fxe4 25. Bxe4 Bf5 26. Bxb7 Nc6 27.
Qc5 Be4 28. Bc7 Nd4 29. Bxe4 Rxe4 30. Bxd8 Nf3+ 31. Kg2 1-0

[Event "BL 0405 SFR Neukölln - SV Werder Bremen"]
[Site "?"]
[Date "2004.11.13"]
[Round "1.6"]
[White "Thiede, Lars"]
[Black "Schandorff, Lars"]
[Result "0-1"]
[WhiteElo "2442"]
[BlackElo "2510"]
[PlyCount "132"]
[EventDate "2004.??.??"]

1. g3 Nf6 2. Bg2 d5 3. Nf3 c6 4. b3 Bg4 5. Bb2 Nbd7 6. O-O e6 7. d3 Bd6 8. e4
O-O 9. Qe1 dxe4 10. dxe4 Bxf3 11. Bxf3 e5 12. a4 Qc7 13. Na3 a5 14. Nc4 Bc5 15.
Bc3 b6 16. Qd2 Rfd8 17. Rfd1 Ne8 18. Qe2 Bb4 19. Bb2 f6 20. Bg4 Nf8 21. Rxd8
Rxd8 22. Rd1 Rxd1+ 23. Qxd1 Bc5 24. Kg2 Qe7 25. Qd3 Nd6 26. Nxd6 Qxd6 27. Qxd6
Bxd6 28. Bc8 Kf7 29. Bb7 c5 30. Bd5+ Ne6 31. Kf3 Ke7 32. Bxe6 Kxe6 33. Ke3 c4
34. bxc4 Bc5+ 35. Ke2 Kd6 36. h3 Ke6 37. f4 Kd6 38. fxe5+ fxe5 39. Kf3 Ke6 40.
Kg4 Kf6 41. Bc1 Kg6 42. Kf3 Kf6 43. Be3 h5 44. h4 Ke6 45. Bc1 Kf6 46. g4 g6 47.
Bg5+ Ke6 48. Bd8 Kd7 49. Bf6 Ke6 50. Bg7 Be7 51. c5 Bxc5 52. gxh5 gxh5 53. Bh6
b5 54. axb5 a4 55. Ke2 a3 56. Bc1 Kd6 57. Kd3 a2 58. Bb2 Bd4 59. c3 Bf2 60. Kc4
Bxh4 61. Ba3+ Ke6 62. Bb2 Bf2 63. Kd3 Kd6 64. Ke2 Bb6 65. Ba3+ Bc5 66. Bb2 Kc7
0-1

[Event "BL 0405 SFR Neukölln - SV Werder Bremen"]
[Site "?"]
[Date "2004.11.13"]
[Round "1.7"]
[White "Skripchenko-Lautier, Almira"]
[Black "Poldauf, Dirk"]
[Result "1/2-1/2"]
[WhiteElo "2474"]
[BlackElo "2418"]
[PlyCount "139"]
[EventDate "2004.??.??"]

1. e4 e6 2. d4 d5 3. exd5 exd5 4. Nf3 Nf6 5. Bd3 Be7 6. O-O O-O 7. Bg5 h6 8.
Bf4 Ne4 9. Nbd2 g5 10. Be3 f5 11. Ne5 Bd6 12. c4 Bxe5 13. dxe5 d4 14. Nxe4 dxe3
15. Nf6+ Kg7 16. fxe3 Nc6 17. Nh5+ Kg8 18. Nf6+ Kg7 19. Bxf5 Nxe5 20. Nh5+ Kh8
21. Qxd8 Rxd8 22. Bxc8 Raxc8 23. Rf6 Rd6 24. Rxd6 cxd6 25. b3 a5 26. Rf1 Rc6
27. Rf6 Kh7 28. Re6 a4 29. bxa4 Rxc4 30. Nf6+ Kg7 31. Rxd6 Rc1+ 32. Kf2 Rc2+
33. Kg3 Rxa2 34. Nh5+ Kf7 35. Rf6+ Ke7 36. Rb6 Rxa4 37. Rxb7+ Kd6 38. Ng7 Ra3
39. Nf5+ Ke6 40. Nxh6 Rxe3+ 41. Kf2 Ra3 42. Rb6+ Kd5 43. h3 Nd3+ 44. Kg1 Nf4
45. Kh2 Ra5 46. Rb2 Ke4 47. Rb4+ Ke5 48. Ng4+ Kf5 49. Ne3+ Kg6 50. Rb6+ Kf7 51.
Rb7+ Kg6 52. Re7 Ra2 53. Kg3 Rb2 54. Re4 Ra2 55. Kf3 Rb2 56. Ra4 Rb3 57. Ra6+
Kf7 58. Ke4 Rb5 59. Rc6 Rb4+ 60. Kf3 Rb3 61. Ke4 Rb4+ 62. Kf5 Rb5+ 63. Kg4 Ne6
64. Nc4 Rd5 65. Nd6+ Ke7 66. Nf5+ Rxf5 67. Kxf5 Nd4+ 68. Kxg5 Nxc6 69. Kg6 Kf8
70. Kf6 1/2-1/2

[Event "BL 0405 SFR Neukölln - SV Werder Bremen"]
[Site "?"]
[Date "2004.11.13"]
[Round "1.8"]
[White "Rudolf, Henrik"]
[Black "Meins, Gerlef"]
[Result "0-1"]
[WhiteElo "2322"]
[BlackElo "2440"]
[PlyCount "102"]
[EventDate "2004.??.??"]

1. e4 c5 2. Nf3 Nc6 3. d4 cxd4 4. Nxd4 Nf6 5. Nc3 d6 6. Bg5 e6 7. Qd2 Be7 8.
O-O-O Nxd4 9. Qxd4 O-O 10. f3 Bd7 11. h4 Bc6 12. Qd2 Qc7 13. Bd3 Rfd8 14. h5 h6
15. Bh4 d5 16. exd5 Nxd5 17. Nxd5 Rxd5 18. Bxe7 Qxe7 19. Qe3 Qc5 20. Qxc5 Rxc5
21. Be2 Kf8 22. Rd4 Rc8 23. Bd1 Ke7 24. f4 Bxg2 25. Rg1 Bd5 26. Rxg7 Rc4 27.
Rxc4 Rxc4 28. Rg4 Re4 29. b3 Re1 30. Rg3 Rf1 31. c4 Bc6 32. Kd2 Rxf4 33. Ke3 e5
34. Rg7 Re4+ 35. Kf2 Rf4+ 36. Ke3 Kf8 37. Rh7 Rf6 38. Rh8+ Kg7 39. Rd8 Rf4 40.
Rd6 Rh4 41. Be2 f5 42. Rg6+ Kh7 43. b4 f4+ 44. Kd2 Rh2 45. Ke1 f3 46. Bf1 Rxa2
47. Rf6 e4 48. b5 e3 49. Bd3+ Kg7 50. Rg6+ Kf7 51. Kd1 Rd2+ 0-1

[Event "BL 0506 Godesberger SK - SG Kirchheim"]
[Site "?"]
[Date "2006.04.02"]
[Round "15.3"]
[White "Beckhuis, Gernod"]
[Black "Sprenger, Jan-Michael"]
[Result "1/2-1/2"]
[WhiteElo "2328"]
[BlackElo "2505"]
[PlyCount "114"]
[EventDate "2006.??.??"]

1. d4 Nf6 2. c4 e6 3. g3 d5 4. Nf3 Bb4+ 5. Bd2 Be7 6. Bg2 c6 7. Qc2 b6 8. O-O
Ba6 9. cxd5 cxd5 10. Bf4 O-O 11. Rc1 Nbd7 12. Nc3 b5 13. a4 bxa4 14. Qxa4 Bb7
15. Nb5 Nb6 16. Qb3 Ne8 17. Rxa7 Rxa7 18. Nxa7 Nd6 19. Ne5 Ndc4 20. Qb5 Nxe5
21. Bxe5 Bd6 22. Bxd6 Qxd6 23. Qc5 Qd8 24. Qc7 Ba6 25. Qxd8 Rxd8 26. Bf1 Kf8
27. Rc7 Rd7 28. Rxd7 Nxd7 29. e3 Bb7 30. Bb5 Nb6 31. Nc6 Bxc6 32. Bxc6 Ke7 33.
b3 Kd6 34. Be8 f6 35. Kf1 Nc8 36. Ke2 Kc7 37. Bf7 Kd7 38. Bg8 h6 39. Bh7 f5 40.
h4 Ne7 41. h5 Nc8 42. f3 Nd6 43. Bg8 Nb5 44. Kd3 Kd6 45. Kc2 Ke7 46. Bh7 Kd6
47. g4 fxg4 48. fxg4 e5 49. Bd3 Na7 50. Kc3 exd4+ 51. Kxd4 Nc6+ 52. Kc3 Kc5 53.
Bg6 Nb4 54. Be8 Na6 55. Bg6 Nb4 56. e4 d4+ 57. Kd2 Nc6 1/2-1/2

[Event "BL 0506 Godesberger SK - SG Kirchheim"]
[Site "?"]
[Date "2006.04.02"]
[Round "15.4"]
[White "Seel, Christian"]
[Black "Vonthron, Horst"]
[Result "1-0"]
[WhiteElo "2492"]
[BlackElo "2339"]
[PlyCount "76"]
[EventDate "2006.??.??"]

1. Nf3 Nf6 2. c4 d6 3. d4 Nbd7 4. Nc3 e5 5. e4 g6 6. Be2 Bg7 7. O-O O-O 8. Be3
Ng4 9. Bg5 f6 10. Bc1 Nh6 11. Qc2 c6 12. Rd1 Nf7 13. b3 Re8 14. Bb2 Qc7 15. b4
a5 16. a3 axb4 17. axb4 Rxa1 18. Bxa1 Nf8 19. d5 f5 20. Bd3 c5 21. bxc5 Qxc5
22. Nd2 Bh6 23. Nb3 Qa3 24. Bb2 Qb4 25. Ra1 Bd7 26. Nb5 fxe4 27. Bf1 Rc8 28.
Na7 Ra8 29. Nc6 bxc6 30. Rxa8 cxd5 31. c5 dxc5 32. Nxc5 Bf5 33. Ba3 Qe1 34.
Nxe4 Bxe4 35. Qc5 Bd3 36. Rxf8+ Kg7 37. Rxf7+ Kxf7 38. Qe7+ Kg8 1-0

[Event "BL 0506 Godesberger SK - SG Kirchheim"]
[Site "?"]
[Date "2006.04.02"]
[Round "15.5"]
[White "Rudolph, Johannes"]
[Black "Langheinrich, Ferenc"]
[Result "1/2-1/2"]
[WhiteElo "2314"]
[BlackElo "2391"]
[PlyCount "66"]
[EventDate "2006.??.??"]

1. d4 Nf6 2. c4 g6 3. Nc3 Bg7 4. e4 d6 5. Be2 O-O 6. Bg5 Na6 7. h4 e5 8. d5 h6
9. Be3 Nc5 10. Qc2 a5 11. h5 Nxh5 12. Bxh5 gxh5 13. Rxh5 Qf6 14. f3 Bd7 15. g4
a4 16. Rd1 Rfb8 17. Nb5 Ra5 18. Qd2 Rxb5 19. cxb5 Bxb5 20. Qc3 b6 21. Bxc5 bxc5
22. Ne2 Bxe2 23. Kxe2 Rb4 24. Rd2 Qf4 25. Qe3 Bf6 26. Qxf4 exf4 27. Rxh6 Bxb2
28. Rh1 a3 29. Rc2 Kg7 30. Rb1 Kf6 31. Rh1 Kg7 32. Rb1 Kf6 33. Rh1 Kg7 1/2-1/2

[Event "BL 0506 Godesberger SK - SG Kirchheim"]
[Site "?"]
[Date "2006.04.02"]
[Round "15.6"]
[White "Grafl, Florian"]
[Black "Zuse, Klaus-Peter"]
[Result "1-0"]
[WhiteElo "2413"]
[BlackElo "2333"]
[PlyCount "63"]
[EventDate "2006.??.??"]

1. e4 c5 2. Nf3 d6 3. d4 cxd4 4. Nxd4 Nf6 5. Nc3 a6 6. Bc4 e6 7. Bb3 Nbd7 8.
Bg5 Nc5 9. f4 Be7 10. Qf3 Nxb3 11. axb3 O-O 12. O-O-O Qc7 13. g4 b5 14. Rhg1 b4
15. Nce2 Bb7 16. Bxf6 Bxf6 17. g5 Bxd4 18. Nxd4 Rfc8 19. Rg2 Qc5 20. h4 a5 21.
h5 a4 22. g6 axb3 23. gxf7+ Kxf7 24. Nxb3 Qc7 25. Rdg1 Rg8 26. f5 Raf8 27. h6
g6 28. fxg6+ Ke8 29. Qf7+ Rxf7 30. gxf7+ Kxf7 31. Rg7+ Kf6 32. Rf1+ 1-0

[Event "BL 0506 Godesberger SK - SG Kirchheim"]
[Site "?"]
[Date "2006.04.02"]
[Round "15.7"]
[White "Adler, Joel Dr"]
[Black "Jackelen, Thomas"]
[Result "1/2-1/2"]
[WhiteElo "2318"]
[BlackElo "2454"]
[PlyCount "78"]
[EventDate "2006.??.??"]

1. d4 d5 2. c4 c6 3. Nf3 Nf6 4. Nc3 a6 5. c5 Nbd7 6. Bf4 Nh5 7. e3 b6 8. cxb6
Nxf4 9. exf4 e6 10. Bd3 Bd6 11. g3 Qxb6 12. O-O Qxb2 13. Na4 Qa3 14. Rc1 O-O
15. Rc3 Qb4 16. Qc2 g6 17. Rb1 Qa5 18. Rxc6 Bb4 19. h4 Bb7 20. Rc7 Rac8 21.
Rxc8 Bxc8 22. h5 Kg7 23. Kg2 Bd6 24. hxg6 hxg6 25. Bxg6 fxg6 26. Nh4 Rf6 27.
Qxc8 Qxa4 28. Nxg6 Nf8 29. Nxf8 Bxf8 30. Qc7+ Rf7 31. Qe5+ Kg8 32. Qxe6 Qxd4
33. Re1 Bc5 34. Qg6+ Kf8 35. Qh6+ Rg7 36. Qh8+ Rg8 37. Qh6+ Rg7 38. Qh8+ Rg8
39. Qh6+ Rg7 1/2-1/2

[Event "BL 0506 Godesberger SK - SG Kirchheim"]
[Site "?"]
[Date "2006.04.02"]
[Round "15.8"]
[White "Schmidt, Bodo"]
[Black "Porth, Dietmar"]
[Result "1/2-1/2"]
[WhiteElo "2332"]
[BlackElo "2284"]
[PlyCount "43"]
[EventDate "2006.??.??"]

1. d4 Nf6 2. c4 e6 3. Nf3 b6 4. g3 Bb7 5. Bg2 Bb4+ 6. Nbd2 Ne4 7. O-O Nxd2 8.
Bxd2 Bxd2 9. Qxd2 d6 10. Ne1 Bxg2 11. Nxg2 Nd7 12. e4 O-O 13. f4 f5 14. Qc2 g6
15. Nh4 Nf6 16. exf5 exf5 17. d5 Ne4 18. Nf3 Qf6 19. Rad1 Rfe8 20. Nd4 Re7 21.
b4 a5 22. bxa5 1/2-1/2

[Event "BL 0506 SG Köln Porz - OSC Baden Baden"]
[Site "?"]
[Date "2006.04.02"]
[Round "15.2"]
[White "Lutz, Christopher"]
[Black "Svidler, Peter"]
[Result "0-1"]
[WhiteElo "2609"]
[BlackElo "2740"]
[PlyCount "80"]
[EventDate "2006.??.??"]

1. e4 e5 2. Nf3 Nc6 3. Bb5 a6 4. Ba4 Nf6 5. O-O Be7 6. Re1 b5 7. Bb3 O-O 8. a4
b4 9. d3 d6 10. a5 Be6 11. Nbd2 Qc8 12. Nc4 Rb8 13. h3 h6 14. Be3 Rd8 15. Qe2
Bf8 16. Nfd2 Qb7 17. Ba4 Ne7 18. Qf3 Ng6 19. Bb3 Be7 20. Qg3 Kh8 21. Nf3 Nh5
22. Qh2 c5 23. Ncd2 Qc8 24. Bxe6 Qxe6 25. Nf1 f5 26. exf5 Qxf5 27. Ng3 Nxg3 28.
fxg3 c4 29. g4 Qf7 30. Bb6 Re8 31. d4 Bf6 32. Qg3 Qd5 33. dxe5 Nxe5 34. Nh4 Nf7
35. Rad1 Rxe1+ 36. Rxe1 Qd2 37. Ng6+ Kh7 38. Nf4 Be5 39. Be3 Qxc2 40. Qf3 Ng5
0-1

[Event "BL 0506 SG Köln Porz - OSC Baden Baden"]
[Site "?"]
[Date "2006.04.02"]
[Round "15.5"]
[White "Nielsen, Peter-Heine"]
[Black "Timman, Jan H"]
[Result "1-0"]
[WhiteElo "2646"]
[BlackElo "2630"]
[PlyCount "125"]
[EventDate "2006.??.??"]

1. d4 Nf6 2. c4 d6 3. Nf3 Bg4 4. Nc3 Nbd7 5. e4 e5 6. Be2 Be7 7. O-O O-O 8. Rb1
c6 9. d5 Nc5 10. Nd2 Bxe2 11. Qxe2 a5 12. b3 Nfd7 13. Nf3 g6 14. Bh6 Re8 15.
Rfd1 Qc8 16. Qc2 Nf6 17. Be3 Na6 18. Bg5 c5 19. Nb5 Qd7 20. Bxf6 Bxf6 21. Qe2
Be7 22. Ne1 f5 23. Nd3 Bg5 24. Kh1 Kh8 25. a3 Re7 26. Rf1 Rf8 27. Rbe1 Bh6 28.
Qb2 Kg8 29. Qc3 Qd8 30. f3 Ref7 31. Re2 Bg7 32. Rb1 h5 33. Qc2 Bh6 34. Ree1 Nc7
35. Nxc7 Qxc7 36. b4 cxb4 37. axb4 Rc8 38. c5 axb4 39. Rxb4 dxc5 40. Rb5 Bf8
41. exf5 Rxf5 42. Qc4 Qf7 43. Nf2 Rd8 44. Rd1 e4 45. Nxe4 Rxf3 46. Rxb7 Qxb7
47. gxf3 Qf7 48. Kg2 Bd6 49. Nxd6 Rxd6 50. Qxc5 Qe7 51. Kf1 Qf6 52. Qe3 Kg7 53.
Qe4 Rd7 54. Kf2 Re7 55. Qd4 Qxd4+ 56. Rxd4 Kf6 57. Kg3 Rd7 58. Kf4 g5+ 59. Ke4
Re7+ 60. Kd3 Kf5 61. d6 Rd7 62. Kc4 g4 63. Kc5 1-0

[Event "BL 0506 SG Köln Porz - OSC Baden Baden"]
[Site "?"]
[Date "2006.04.02"]
[Round "15.8"]
[White "Van den Doel, Erik"]
[Black "Schlosser, Philipp"]
[Result "1/2-1/2"]
[WhiteElo "2582"]
[BlackElo "2560"]
[PlyCount "40"]
[EventDate "2006.??.??"]

1. e4 c5 2. Nf3 e6 3. d4 cxd4 4. Nxd4 a6 5. Be2 Nf6 6. Nc3 d6 7. O-O Be7 8. f4
O-O 9. Be3 Qc7 10. g4 d5 11. e5 Ne4 12. Bd3 Nxc3 13. bxc3 Qxc3 14. Rb1 Nd7 15.
Nb3 f6 16. Bd4 Qc7 17. Qe2 fxe5 18. fxe5 Qd8 19. c4 dxc4 20. Bxc4 Nb6 1/2-1/2

[Event "BL 0506 SC Eppingen - Hamburger SK"]
[Site "?"]
[Date "2006.04.02"]
[Round "15.1"]
[White "Gustafsson, Jan"]
[Black "Gyimesi, Zoltan"]
[Result "1/2-1/2"]
[WhiteElo "2615"]
[BlackElo "2624"]
[PlyCount "27"]
[EventDate "2006.??.??"]

1. d4 Nf6 2. c4 e6 3. Nf3 d5 4. e3 Be7 5. b3 O-O 6. Bb2 b6 7. Bd3 Bb7 8. O-O c5
9. Nbd2 Nbd7 10. Qe2 Rc8 11. Rac1 Rc7 12. Rfd1 Qa8 13. cxd5 Nxd5 14. Bb1
1/2-1/2